1400 1707 1611 1213 1615 1532 1432 1420 1434 1870 1540 1803 1925 1213 1902 1069 1473 1494 1322 1238 1419 1230 1775 1939 1441 1259 1496 1862 1681 1663 1234 1886 1509 1792 1087 1769 1801 1357 1650 1784 1103 1072 1105 1019 1008 1370 1414 1951 1635 1754 1772 1227 1522 1146 1881 1262 1974 1582 1268 1866 1283 1521 1491 1621 1213 1848 1899 1557 1660 1592 1634 1523 1188 1685 1707 1735 1786 1689 1726 1402 1685 1924 1325 1003 1183 1525 1449 1423 1154 1094 1660 1852 1083 1723 1850 1750 1375 1118 1153 BCNSPRNW ULIB Ver.6.0+V

เปลี่ยนเป็นภาษาไทย

Change to English
 แสดงรายละเอียดบรรณานุกรม
  กลับหน้าหลัก

Brief Record : Get Marc (ISO 2709) : E-mail record : QR code < ปิดหน้าต่าง
LEADER : 00000nam 2200000uu 4500
001    13399114018
003     ULIB
008    120110s||||||||th 000 0 tha d
099    วพ.WY105^bอ342พ
100 0  อรทัย นนทเภท
245 00 พฤติกรรมความเป็นผู้นำของหัวหน้าหอผู้ป่วยและความพึงพอใจในงานของพยาบาลประจำการ โรงพยาบาลชุมชนภาคใต้/^cอรทัย นนทเภท
260    เชียงใหม่ :^bมหาวิทยาลัยเชียงใหม่,^c2542
300    91 หน้า :^bตาราง
500    วิทยานิพนธ์
650  7 ความเป็นผู้นำ^xวิจัย
650  7 ความพึงพอใจ^xวิจัย
710    มหาวิทยาลัยเชียงใหม่
945    ^p0^l0^i030983
995    ทศพร
999 ^a ทศพร
รายการนี้ยังไม่มีแท็ก
คุณยังไม่ได้ล็อกอิน คุณสามารถมีกิจกรรมร่วมกับเว็บไซต์ได้ แต่ต้องล็อกอินก่อน ::
  ล็อกอิน

รายการสื่อสารสนเทศ

ลำดับที่ ประเภท เลขเรียก/บาร์โค้ด สถานที่ สถานะ
1. วิทยานิพนธ์
วิทยานิพนธ์
วพ.WY105 อ342พ ฉ.1 
  Barcode: 030983
ห้องสมุดวิทยาเขตสวรรค์ประชารักษ์
►วิจัย
บนชั้น

BibComment


ยังไม่เคยถูกคอมเมนท์

คอมเมนท์ทรัพยากรรายการนี้
  คอมเมนท์: พฤติกรรมความเป็นผ..


 Copyright 2026. Bcnsprnw @Library